Statystyki dla Stolice danych państw Europejskich

Kliknij tutaj aby rozwiązać quiz!

Ogólne statystyki

  • Ten quiz został rozwiązany 790 razy
  • Średni wynik to 13 z 15

Statystyki odpowiedzi

państwoOdpowiedź% Poprawnych
HiszpaniaMadryt
100%
FrancjaParyż
99%
PolskaWarszawa
99%
GrecjaAteny
98%
NorwegiaOslo
98%
AustriaWiedeń
98%
HolandiaAmsterdam
97%
PortugaliaLizbona
96%
IrlandiaDubllin
94%
BiałoruśMińsk
93%
ChorwacjaZagrzeb
88%
EstoniaTallin
81%
Bośnia i HercegowinaSarajewo
75%
AlbaniaTirana
65%
FinlandiaHelisinki
3%

Rozkład punktacji

Percentyl według liczby udzielonych odpowiedzi

Procent ludzi z każdym wynikiem

Twoja historia wyników

Nie rozwiązałeś tego quizu